000 002920000a22001330004500
020 _a958-04-0797-5
082 0 4 _aT F M133i
100 1 _aMcClymont, Diane
245 1 0 _aComo se hace los libros / Diane McClymont
260 _aBogotá : Norma
300 _a30 P.
001 340
942 _cLGB
999 _c47585
_d47585